Vybrané problémy formovania finančnej základne socialistických hospodárskych organizácií kandidátska dizertačná práca

Enregistré dans:
Détails bibliographiques
Auteur principal: Pastuchová, Anna
Collectivité auteur: Vysoká škola ekonomická v Bratislave. Národohospodárska fakulta
Autres auteurs: Ľuptáková, Oľga
Format: Livre
Langue:slovaque
Publié: Bratislava 1989
Tags: Ajouter un tag
Pas de tags, Soyez le premier à ajouter un tag!

MARC

LEADER 00000nam a2200000 4500
001 c033798
005 20260108100320.4
041 0 |a slo 
044 |a SK 
245 1 0 |a Vybrané problémy formovania finančnej základne socialistických hospodárskych organizácií  |b kandidátska dizertačná práca  |c Anna Pastuchová ; Ved. práce Oľga Ľuptáková 
264 1 |a Bratislava  |c 1989 
300 |a 150 s. 
100 1 |a Pastuchová, Anna 
700 1 |a Ľuptáková, Oľga 
710 2 |a Vysoká škola ekonomická v Bratislave. Národohospodárska fakulta